| 000 | 00347nam a2200133 a 4500 | ||
|---|---|---|---|
| 001 | 4117 | ||
| 003 | CDMR | ||
| 005 | 20130116135251.0 | ||
| 008 | 130130s1998||||||||||||||||||||||||||||d | ||
| 040 |
_aCDMR _bcat _cCPC GIRONA |
||
| 245 | 0 |
_aAny Pla a Girona _bCrònica, memòria i testimoni (1897-1997) |
|
| 260 |
_c1998 _bDiputació de Girona |
||
| 942 | _cMON | ||
| 999 |
_c4117 _d4117 |
||